| Tag |
First Indicator |
Second Indicator |
Subfields |
| LEADER |
00000cam a2200000 4500 |
| 001 |
in00000060807 |
| 005 |
20151008050552.0 |
| 008 |
750716s1950 nyu 00000 eng u |
| 010 |
|
|
|a 50009736
|
| 035 |
|
|
|a (OCoLC)01451468
|
| 035 |
|
|
|9 AAG1834AM
|
| 040 |
|
|
|c JPL
|d TXA
|d UtOrBLW
|
| 049 |
|
|
|a TXAM
|c [187483]
|
| 050 |
0 |
0 |
|a E744
|b .W265
|
| 082 |
0 |
|
|a 327.73
|
| 092 |
|
|
|a 327.73
|b W253fa
|
| 100 |
1 |
|
|a Warburg, James P.
|q (James Paul),
|d 1896-1969.
|
| 245 |
1 |
0 |
|a Faith, purpose and power ;
|b a plea for a positive policy.
|
| 264 |
|
1 |
|a New York :
|b Farrar, Straus,
|c [1950]
|
| 300 |
|
|
|a xii, 180 pages ;
|c 20 cm.
|
| 336 |
|
|
|a text
|b txt
|2 rdacontent
|
| 337 |
|
|
|a unmediated
|b n
|2 rdamedia
|
| 338 |
|
|
|a volume
|b nc
|2 rdacarrier
|
| 651 |
|
0 |
|a United States
|x Foreign relations
|y 1954-
|
| 999 |
|
|
|a MARS
|
| 999 |
f |
f |
|s b1e5aa49-4ff6-3a9d-8d04-d0c3d13c5550
|i 68d7bc5c-8fe9-349b-a736-c009f011be4e
|t 0
|
| 952 |
f |
f |
|p ric
|a Texas A&M University
|b Rellis Campus
|c Joint Library Facility
|d Remote Storage
|t 0
|e E744 .W265
|h Library of Congress classification
|i unmediated -- volume
|m A14800680085
|
| 998 |
f |
f |
|a E744 .W265
|t 0
|l Remote Storage
|